Cada uno es especial : (Registro nro. 12307)

Detalles MARC
000 -LIDER
fixed length control field 00517nam a2200181 4500
003 - IDENTIFICACDOR DE NÚMERO DE CONTROL
control field DO-SdBNP
005 - DATE AND TIME OF LATEST TRANSACTION
control field 20180215121525.0
008 - ELEMENTOS DE LONGITUD FIJA
fixed length control field 161206b1995 sp||||| |||| 00| 0 spa d
020 ## - ISBN
International Standard Book Number 8448802276
040 ## - FUENTE DE CATALOGACIÓN
Agencia que crea de manera original el registro BPMSU
Idioma de catalogación spa
Agencia que realiza la transcripción BPMSU
100 ## - ASIENTO PRINCIPAL -- NOMBRE PERSONAL
Nombre personal Damon, Emma
245 1# - MENCIÓN DE TITULO
Título Cada uno es especial :
Subtítulo un libro para levantar y mirar /
Mención de responsabilidad Emma Damon
260 ## - PUBLICACIÓN, DISTRIBUCIÓN, ETC. (PIE DE IMPRENTA)
Lugar de publicación, distribución, etc [s.l.] :
Nombre del editor, distribuidor, etc. Beascoa Internacional,
Fecha de publicación, distribución, etc 1995
300 ## - DESCRIPCIÓN FÍSICA
Extensión 12 p. :
Otros detalles físicos il. :
Dimensiones 24 cm
942 ## - ADDED ENTRY ELEMENTS (KOHA)
Source of classification or shelving scheme Dewey Decimal Classification
Koha item type Libros
945 ## - INFORMACIÓN DE PROCESAMIENTO LOCAL
Información de procesamiento local Inventariado,2018/MFF
956 ## - LOCAL ELECTRONIC LOCATION AND ACCESS (OCLC)
Nombre de host dgarcia
Existencias
Withdrawn status Lost status Source of classification or shelving scheme Damaged status Not for loan Collection code Home library Current library Date acquired Source of acquisition Total Checkouts Barcode Date last seen Price effective from Koha item type
    Dewey Decimal Classification     Colección Infantil General Biblioteca Pública Metropolitana Salomé Ureña Biblioteca Pública Metropolitana Salomé Ureña 12/06/2016 Donado Fundi   BPMSU16120148 12/06/2016 12/06/2016 Libros